000 01257naa a22003497a 4500
001 BR6009389
003 BR-BrBNA
005 20240918173014.0
007 ta
008 230509b bl.||||| |||| 00| 0 por d
040 _aBR-BrBNA
_bpor
_cBiblioteca Nacional de Agricultura
041 _a(Pt)
072 _aL10
_b7110
_b3580
090 _aL10 BR6009389
100 1 _aKerr, W.E.
100 1 _aBarbieri, M.R.
100 1 _aBueno, D.
111 1 _a1. Congresso Brasileiro de Apicultura
_cFlorianopolis, SC (Brazil)
_d8 May 1970
245 1 _aReproducao da abelha africana, italiana e seus hibridos [Melhoramento genetico animal; Apis mellifera adansonii; Apis mellifera ligustica]
260 3 _aFlorianopolis, SC (Brasil):
_c1970.
500 _a1. Congresso Brasileiro de Apicultura Florianopolis, SC (Brasil): 1970. p. 130-135 (BR6009389-AM)L10
650 _aMelhoramento genetico animal
650 _aAbelha africana
650 _aAbelha italiana
650 _aEsperma
650 _aReproducao animal
650 _aHibrido
650 _aFecundacao animal
773 0 _t1. Congresso Brasileiro de Apicultura
_wL10 BR6009389
_gFlorianopolis, SC (Brasil), 1970. p. 130-135
909 _a202404
_bLucia
_c55
_dLucia Elande
942 _cAM
_2AGRIS
999 _c302474
_d302474